Normal view
MARC view
- Mushtaq , Nabeel
Entry Personal Name
001 - CONTROL NUMBER
- control field: 122147
003 - CONTROL NUMBER IDENTIFIER
- control field: NUST
005 - DATE AND TIME OF LATEST TRANSACTION
- control field: 20240314130634.0
008 - FIXED-LENGTH DATA ELEMENTS
- fixed length control field: 240314|| aca||aabn | a|a d
040 ## - CATALOGING SOURCE
- Original cataloging agency: NUST
- Transcribing agency: NUST
100 ## - HEADING--PERSONAL NAME
- Personal name: Mushtaq , Nabeel
670 ## - SOURCE DATA FOUND
- Source citation: Work cat.: (NUST): Mushtaq , Nabeel, Detailed Study and Experimentation For Finding Optimum Values For Investment Casting Process (Ceramic Shell Type) /
